<?xml version="1.0" encoding="UTF-8"?>
<record
    xmlns:xsi="http://www.w3.org/2001/XMLSchema-instance"
    xsi:schemaLocation="http://www.loc.gov/MARC21/slim http://www.loc.gov/standards/marcxml/schema/MARC21slim.xsd"
    xmlns="http://www.loc.gov/MARC21/slim">

  <leader>01290nam a2200313 i 4500</leader>
  <controlfield tag="001">77818</controlfield>
  <controlfield tag="003">ES-MaACL</controlfield>
  <controlfield tag="005">20250714064441.0</controlfield>
  <controlfield tag="007">t|</controlfield>
  <controlfield tag="008">041110s1994    fr           ||||1| fre d</controlfield>
  <datafield tag="020" ind1=" " ind2=" ">
    <subfield code="a">2-7177-1917-2</subfield>
  </datafield>
  <datafield tag="080" ind1=" " ind2=" ">
    <subfield code="a">929 Voltaire (083.824)</subfield>
  </datafield>
  <datafield tag="080" ind1=" " ind2=" ">
    <subfield code="a">008(4)"17"(083.824)</subfield>
  </datafield>
  <datafield tag="245" ind1="0" ind2="0">
    <subfield code="a">Voltaire et l'Europe </subfield>
    <subfield code="b">: exposition Biblioth&#xE9;que Nationale de France, Monnaie de Paris [du 29 septembre 1994 au 8 janvier 1995] / </subfield>
    <subfield code="c">pr&#xE9;faces de Jean Favier et Pierre Consigny ; introduction de Ren&#xE9; Pomeau ; edit&#xE9; et pr&#xE9;sente par Fran&#xE7;oise Bl&#xE9;chet avec la collaboration de Marie-Odile Germain.</subfield>
  </datafield>
  <datafield tag="260" ind1=" " ind2=" ">
    <subfield code="a">Paris : </subfield>
    <subfield code="b">Biblioth&#xE8;que Nationale de France ; </subfield>
    <subfield code="a">Bruxelles : </subfield>
    <subfield code="b">Editions Complexe, </subfield>
    <subfield code="c">[1994]</subfield>
  </datafield>
  <datafield tag="300" ind1=" " ind2=" ">
    <subfield code="a">241 p. : </subfield>
    <subfield code="b">il. ; </subfield>
    <subfield code="c">29 cm.</subfield>
  </datafield>
  <datafield tag="600" ind1="0" ind2="4">
    <subfield code="a">Voltaire,</subfield>
    <subfield code="d">1694-1778-</subfield>
    <subfield code="v">Exposiciones</subfield>
    <subfield code="9">115723</subfield>
  </datafield>
  <datafield tag="650" ind1="1" ind2="4">
    <subfield code="a">Ilustraci&#xF3;n-</subfield>
    <subfield code="v">Exposiciones.</subfield>
    <subfield code="9">13587</subfield>
  </datafield>
  <datafield tag="655" ind1=" " ind2="7">
    <subfield code="2">tgfbne</subfield>
    <subfield code="9">193628</subfield>
    <subfield code="a">Cat&#xE1;logos de exposiciones</subfield>
  </datafield>
  <datafield tag="700" ind1="1" ind2=" ">
    <subfield code="a">Favier, Jean.</subfield>
    <subfield code="9">48994</subfield>
  </datafield>
  <datafield tag="700" ind1="1" ind2=" ">
    <subfield code="a">Consigny, Pierre.</subfield>
    <subfield code="9">40231</subfield>
  </datafield>
  <datafield tag="700" ind1="1" ind2=" ">
    <subfield code="a">Pomeau, Ren&#xE9;.</subfield>
    <subfield code="9">92915</subfield>
  </datafield>
  <datafield tag="700" ind1="1" ind2=" ">
    <subfield code="a">Bl&#xE9;chet, Fran&#xE7;oise.</subfield>
    <subfield code="9">29456</subfield>
  </datafield>
  <datafield tag="700" ind1="1" ind2=" ">
    <subfield code="a">Germain, Marie-Odile.</subfield>
    <subfield code="9">56470</subfield>
  </datafield>
  <datafield tag="710" ind1="2" ind2=" ">
    <subfield code="a">Biblioth&#xE8;que nationale de France.</subfield>
    <subfield code="9">2217</subfield>
  </datafield>
  <datafield tag="852" ind1=" " ind2=" ">
    <subfield code="a">ES-MaACL</subfield>
    <subfield code="j">L-28403 </subfield>
    <subfield code="b">R.134527</subfield>
  </datafield>
  <datafield tag="942" ind1=" " ind2=" ">
    <subfield code="2">udc</subfield>
  </datafield>
  <datafield tag="999" ind1=" " ind2=" ">
    <subfield code="c">77818</subfield>
    <subfield code="d">77818</subfield>
  </datafield>
  <datafield tag="952" ind1=" " ind2=" ">
    <subfield code="0">0</subfield>
    <subfield code="1">0</subfield>
    <subfield code="4">0</subfield>
    <subfield code="7">0</subfield>
    <subfield code="a">ATENEOM</subfield>
    <subfield code="b">ATENEOM</subfield>
    <subfield code="c">DEPO2</subfield>
    <subfield code="d">2008-01-17</subfield>
    <subfield code="e">SC</subfield>
    <subfield code="l">0</subfield>
    <subfield code="o">L-28403</subfield>
    <subfield code="p">1081413</subfield>
    <subfield code="r">2023-02-23 00:00:00</subfield>
    <subfield code="w">2023-02-23</subfield>
    <subfield code="y">MONOGRAFIA</subfield>
  </datafield>
</record>
